White 2115 - Pretty Boy - Statystyki

Ogólne statystyki
  • Ten quiz został rozwiązany 14 razy
  • Średni wynik to 12 z 16
Statystyki odpowiedzi
Pretty Boy % Poprawnych
18
92%
Pretty Boy
92%
Intro
85%
Afterparty
77%
Booker (baw się)
77%
Bulletproof
77%
Easy Rider
77%
RiRi
77%
Traplife
77%
Buch na dwóch
69%
Pierwszy raz
69%
Sąsiedzi
69%
Broly
62%
Milanówek callin'
62%
Najmłodszy Łajcior
62%
Śliczny chłopiec
62%
Nie znaleziono quizów pasujących do podanych kryteriów
Rozkład punktacji
Procent ludzi z każdym wynikiem
Percentyl według liczby udzielonych odpowiedzi
Twoja historia wyników
Nie rozwiązałeś tego quizu